00599nam a22001457a 4500003000400000005001700004008004100021022001400062040000700076245002800083260005600111500024100167650002400408856002100432OSt20250103123304.0231207b ||||| |||| 00| 0 eng d 20017-8012 cAL aHarvard Business Review aUSAbHarvard Business School Publishing Corporation aHarvard Business Review (HBR) is a general management magazine published by Harvard Business Publishing, a wholly owned subsidiary of Harvard University. HBR is published six times a year and is headquartered in Brighton, Massachusetts. 2Business Management uhttps://hbr.org/